Aprender juntos y solos / (Record no. 121428)

MARC details
000 -CABECERA
campo de control de longitud fija 00997nam a2200253 a 4500
005 - FECHA Y HORA DE LA ÚLTIMA TRANSACCIÓN
campo de control 20250108063741.0
008 - ELEMENTOS DE LONGITUD FIJA--INFORMACIÓN GENERAL
campo de control de longitud fija 070212s1999 mx r 000 0 spa d
020 ## - NÚMERO INTERNACIONAL NORMALIZADO PARA LIBROS
Número Internacional Estándar del Libro 9507015612
035 ## - NÚMERO DE CONTROL DEL SISTEMA
Número de control de sistema UPN01000149287
049 ## - COLECCIÓN
Colección CG
050 #4 - SIGNATURA TOPOGRÁFICA DE LA BIBLIOTECA DEL CONGRESO
Número de clasificación LB1027
Número de documento/Ítem J7.2
100 1# - ASIENTO PRINCIPAL--NOMBRE PERSONAL
Nombre de persona Johnson, David Winslow,
Fechas asociadas al nombre 1940-
9 (RLIN) 28797
245 10 - MENCIÓN DE TÍTULO
Título Aprender juntos y solos /
Mención de responsabilidad, etc. David W. Johnson, Roger T. Johnson ; tr. Miguel Wald.
260 ## - PUBLICACIÓN, DISTRIBUCIÓN, ETC.
Lugar de publicación, distribución, etc. Argentina :
Nombre del editor, distribuidor, etc. Aique,
Fecha de publicación, distribución, etc. 1999.
300 ## - DESCRIPCIÓN FÍSICA
Extensión 328 p. :
Otras características físicas cuadros
440 #0 - MENCIÓN DE SERIE/ASIENTO SECUNDARIO--TÍTULO
Título Carrera docente
500 ## - NOTA GENERAL
Nota general Título de la cubierta: Aprender juntos y solos : aprendizaje cooperativo, competitivo e individualista
534 ## - NOTA SOBRE LA VERSIÓN ORIGINAL
Frase introductoria Título original:
Mención de título del original Learning together and alone: cooperative, competitive and indivisualistic learning
650 #4 - ASIENTO SECUNDARIO DE MATERIA - TERMINO TEMATICO
Término de materia o nombre geográfico como elemento de entrada Trabajo en grupos (Educación)
9 (RLIN) 4098
650 #4 - ASIENTO SECUNDARIO DE MATERIA - TERMINO TEMATICO
Término de materia o nombre geográfico como elemento de entrada Enseñanza individualizada
9 (RLIN) 6835
650 #4 - ASIENTO SECUNDARIO DE MATERIA - TERMINO TEMATICO
Término de materia o nombre geográfico como elemento de entrada Análisis del proceso de interacción en educación
9 (RLIN) 270
700 1# - ASIENTO SECUNDARIO--NOMBRE DE PERSONAL
Nombre de persona Johnson, Roger T.,
Fechas asociadas al nombre 1938-
Término indicativo de función/relación coaut.
9 (RLIN) 28798
905 ## - TIPO DE MATERIAL
Tipo de material Libro
Holdings
Estado de retiro Estado de pérdida Fuente del sistema de clasificación o colocación Estado dañado No para préstamo Código de colección Localización permanente Ubicación/localización actual Ubicación en estantería Total de préstamos Clasificación Código de barras Fecha visto por última vez Número de copia Tipo de ítem Koha
    Library of Congress Classification     Colección General Bib. Gregorio Torres Quintero Bib. Gregorio Torres Quintero Planta baja 32 LB1027 J7.2 245658 31/12/2020 1 Libro